Gminy powiatu stargardzkiego - Statystyki

Ogólne statystyki
  • Ten quiz został rozwiązany 126 razy
  • Średni wynik to 4 z 10
Statystyki odpowiedzi
Hint Odpowiedź % Poprawnych
Gmina Stargard
85%
Gmina Kobylanka
65%
Gmina Dobrzany
47%
Gmina Suchań
47%
Gmina Chociwel
46%
Gmina Ińsko
40%
Gmina Marianowo
40%
Gmina Dolice
31%
Gmina Stara Dąbrowa
29%
Gmina Miasto Stargard
13%
Nie znaleziono quizów pasujących do podanych kryteriów
Rozkład punktacji
Procent ludzi z każdym wynikiem
Percentyl według liczby udzielonych odpowiedzi
Twoja historia wyników
Nie rozwiązałeś tego quizu